[Event "Foment Martinenc op-A 22nd"]
[Site "Barcelona"]
[Date "2022.05.21"]
[Round "5"]
[White "Cunillera Amigo, Jose Luis"]
[Black "Nunez Lucero, Francisco Alex"]
[Result "1/2-1/2"]
[WhiteElo "2014"]
[BlackElo "2052"]
[PlyCount "192"]
[EventDate "2022.04.23"]
[EventType "swiss"]
[EventRounds "9"]
[EventCountry "ESP"]
[SourceTitle "EXT 2023"]
[Source "ChessBase"]
[SourceDate "2022.10.05"]
[SourceVersion "1"]
[SourceVersionDate "2022.10.05"]
[SourceQuality "1"]

1. e4 Nf6 2. e5 Nd5 3. Nf3 d6 4. Bc4 c6 5. d4 g6 6. 0-0 Bg7 7. Re1 0-0 8. c3 Bg4 9. h3 Bxf3 10. Qxf3 dxe5 11. dxe5 e6 12. Qg3 Nd7 13. Nd2 Qc7 14. Nf3 h6 15. Bb3 Rad8 16. h4 Ne7 17. Bc2 Nc5 18. Nd4 Rd5 19. f4 Nf5 20. Nxf5 exf5 21. h5 Kh7 22. hxg6+ fxg6 23. b4 Na6 24. Be3 b6 25. Bb3 Rdd8 26. a4 Nb8 27. Qf2 Rd3 28. Bd4 c5 29. Bc4 cxd4 30. Bxd3 Qxc3 31. Qc2 Qxb4 32. Rac1 Nd7 33. Qc4 Qxc4 34. Rxc4 Nc5 35. Rxd4 Rf7 36. Bc2 Bf8 37. Kf1 Kg7 38. Red1 Ne6 39. Rc4 Bc5 40. g3 a5 41. Bb3 Re7 42. Rc3 Nd4 43. Rcd3 Nxb3 44. Rxb3 Kf7 45. Rbd3 g5 46. Ke2 g4 47. Rd7 h5 48. Rxe7+ Bxe7 49. Rh1 h4 50. gxh4 Kg6 51. h5+ Kh6 52. Kf2 Bc5+ 53. Kg2 Bb4 54. e6 Be7 55. Kg3 Bf6 56. Re1 Be7 57. Rd1 Kxh5 58. Rd7 Bh4+ 59. Kg2 Kg6 60. Rf7 Bf6 61. Rd7 Bc3 62. Rd6 Kf6 63. Rxb6 Bd2 64. Kf1 Bxf4 65. e7+ Kxe7 66. Rb5 Bc7 67. Rxf5 g3 68. Kg2 Kd7 69. Kf3 Kc6 70. Rg5 Kd7 71. Ke4 Kc6 72. Kd4 Bb6+ 73. Kc4 Bc7 74. Rg6+ Kd7 75. Kd5 Bf4 76. Rg7+ Kc8 77. Kc6 Kb8 78. Rg4 Be5 79. Kb5 Ka8 80. Kxa5 Bc7+ 81. Ka6 Be5 82. Rg8+ Bb8 83. a5 g2 84. Rxg2 Bf4 85. Rg7 Be5 86. Rd7 Bg3 87. Kb5 Bf2 88. Rf7 Bd4 89. Ka6 Be5 90. Ra7+ Kb8 91. Re7 Bd4 92. Re8+ Kc7 93. Rg8 Be3 94. Kb5 Kb7 95. a6+ Ka7 96. Rg7+ Ka8 1/2-1/2

[Event "Barcelona Canovelles U2200 op"]
[Site "Barcelona"]
[Date "2018.12.27"]
[Round "1.4"]
[White "Villa Tornero, Alex"]
[Black "Nunez Lucero, Francisco Alex"]
[Result "1/2-1/2"]
[WhiteElo "1598"]
[BlackElo "2102"]
[PlyCount "81"]
[EventDate "2018.12.27"]
[EventType "swiss"]
[EventRounds "8"]
[EventCountry "ESP"]
[SourceTitle "EXT 2024"]
[Source "ChessBase"]
[SourceDate "2023.10.10"]
[SourceVersion "1"]
[SourceVersionDate "2023.10.10"]
[SourceQuality "1"]

1. f4 d6 2. Nf3 Nf6 3. b3 g6 4. Bb2 Bg7 5. g3 0-0 6. Bg2 c5 7. c4 Nc6 8. 0-0 Bd7 9. e3 Qc8 10. Re1 Bh3 11. Bh1 Rb8 12. a3 b5 13. cxb5 Rxb5 14. Nc3 Rb8 15. Rb1 Qb7 16. Ba1 Qa6 17. Na4 Qd3 18. Nc3 Bf5 19. Bg2 Qa6 20. e4 Bg4 21. h3 Bxf3 22. Bxf3 Nd4 23. Na4 Qd3 24. Bxd4 Qxd4+ 25. Kg2 Nd7 26. Qe2 e5 27. Qe3 exf4 28. Qxd4 Bxd4 29. gxf4 Rfe8 30. Nc3 Nb6 31. Nb5 Bg7 32. Nxd6 Red8 33. e5 f6 34. Rbd1 fxe5 35. fxe5 Bxe5 36. Rxe5 Rxd6 37. Rxc5 Rd3 38. Rb5 Rbd8 39. Kg3 Rf8 40. Rf1 Rxd2 41. Bg2 1/2-1/2

[Event "Barcelona Sant Marti op 3rd"]
[Site "Barcelona"]
[Date "2014.02.20"]
[Round "6"]
[White "Gonzalez Perez, Arian"]
[Black "Nunez Lucero, Francisco Alex"]
[Result "1-0"]
[WhiteElo "2567"]
[BlackElo "2278"]
[PlyCount "59"]
[EventDate "2014.01.16"]
[EventType "swiss"]
[EventRounds "9"]
[EventCountry "ESP"]
[SourceTitle "EXT 2015"]
[Source "ChessBase"]
[SourceDate "2014.11.20"]
[SourceVersion "1"]
[SourceVersionDate "2014.11.20"]
[SourceQuality "1"]

1. e4 e6 2. d3 d5 3. Qe2 dxe4 4. dxe4 e5 5. Nf3 Nd7 6. Nbd2 Bc5 7. c3 a5 8. Nc4 Qe7 9. Ne3 Nb6 10. g3 Nf6 11. Nd2 a4 12. Bg2 0-0 13. 0-0 Bxe3 14. Qxe3 Be6 15. Nf3 Bc4 16. Rd1 Rfd8 17. Rxd8+ Rxd8 18. Nd2 Rd3 19. Qe1 Qd7 20. Bf1 Rd6 21. Nxc4 Nxc4 22. Qe2 Nb6 23. Be3 h6 24. f3 Ne8 25. c4 Rd4 26. Bxd4 exd4 27. c5 Nc8 28. Qb5 c6 29. Qc4 Nc7 30. Rd1 1-0

[Event "Barcelona Sant Marti op 3rd"]
[Site "Barcelona"]
[Date "2014.02.13"]
[Round "5"]
[White "Nunez Lucero, Francisco Alex"]
[Black "Molano Lafuente, Ismael"]
[Result "1-0"]
[WhiteElo "2278"]
[BlackElo "2172"]
[PlyCount "101"]
[EventDate "2014.01.16"]
[EventType "swiss"]
[EventRounds "9"]
[EventCountry "ESP"]
[SourceTitle "EXT 2015"]
[Source "ChessBase"]
[SourceDate "2014.11.20"]
[SourceVersion "1"]
[SourceVersionDate "2014.11.20"]
[SourceQuality "1"]

1. e4 e6 2. d4 d5 3. Nc3 Nf6 4. e5 Nfd7 5. f4 c5 6. Nf3 Nc6 7. Be3 cxd4 8. Nxd4 Bc5 9. Qd2 Bxd4 10. Bxd4 Nxd4 11. Qxd4 Qb6 12. Nb5 Qxd4 13. Nxd4 Ke7 14. Bb5 Nb6 15. b3 Bd7 16. Bd3 g6 17. Kd2 h5 18. g3 Rac8 19. h3 Bc6 20. Raf1 Nd7 21. Re1 Nc5 22. Rh2 Bd7 23. Rf2 a6 24. a4 Rc7 25. Rff1 b6 26. Rh1 Nxd3 27. cxd3 b5 28. a5 b4 29. Rc1 Rb7 30. Rc5 Ra8 31. Rhc1 Kf8 32. Ke3 Kg7 33. Rc7 Raa7 34. R7c2 Ra8 35. Rc7 Raa7 36. Rxb7 Rxb7 37. Rc5 Kf8 38. g4 hxg4 39. hxg4 Ke7 40. f5 gxf5 41. gxf5 exf5 42. Kf4 Rb8 43. Nxf5+ Bxf5 44. Kxf5 Rh8 45. Rc7+ Kd8 46. Rxf7 Rh3 47. Ke6 Rxd3 48. Kd6 Ke8 49. Rb7 Rxb3 50. e6 Kf8 51. Rb8+ 1-0

[Event "Barcelona Sant Marti op 3rd"]
[Site "Barcelona"]
[Date "2014.02.06"]
[Round "4"]
[White "Mas Recorda, Pere"]
[Black "Nunez Lucero, Francisco Alex"]
[Result "0-1"]
[WhiteElo "2201"]
[BlackElo "2278"]
[PlyCount "92"]
[EventDate "2014.01.16"]
[EventType "swiss"]
[EventRounds "9"]
[EventCountry "ESP"]
[SourceTitle "EXT 2015"]
[Source "ChessBase"]
[SourceDate "2014.11.20"]
[SourceVersion "1"]
[SourceVersionDate "2014.11.20"]
[SourceQuality "1"]

1. d4 d5 2. c4 e6 3. cxd5 exd5 4. Nc3 c6 5. Qc2 Bd6 6. Nf3 Ne7 7. Bg5 f6 8. Bh4 Bf5 9. Qd2 Nd7 10. e3 Nb6 11. b3 0-0 12. Bg3 Ng6 13. Bd3 Bxd3 14. Qxd3 a5 15. Bxd6 Qxd6 16. 0-0 Qd7 17. Rab1 Nc8 18. Na4 Qf7 19. Rbc1 Nd6 20. Nc5 Rfe8 21. Nd2 Nf8 22. Rfe1 Ne6 23. Nxe6 Rxe6 24. Qf1 a4 25. b4 Qd7 26. Rc2 b5 27. Rc5 Nc4 28. Nxc4 dxc4 29. a3 Rae8 30. Rd1 Rd6 31. Rh5 g6 32. Rh4 Kg7 33. g3 g5 34. Rh3 Qf5 35. Qg2 c5 36. bxc5 Rdd8 37. g4 Qxc5 38. Qf3 Qxa3 39. Qf5 Rh8 40. Rf3 Qe7 41. Qxb5 c3 42. Qxa4 Qe4 43. Kg2 h5 44. Qa7+ Kg6 45. gxh5+ Rxh5 46. Qc7 g4 0-1

[Event "Voronezh op-A 17th"]
[Site "Voronezh"]
[Date "2013.06.17"]
[Round "5"]
[White "Lopukhin, Anatoly Viktorovich"]
[Black "Nunez Lucero, Francisco Alex"]
[Result "1-0"]
[WhiteElo "2287"]
[BlackElo "2194"]
[PlyCount "69"]
[EventDate "2013.06.12"]
[EventType "swiss"]
[EventRounds "9"]
[EventCountry "RUS"]
[SourceTitle "EXT 2014"]
[Source "ChessBase"]
[SourceDate "2013.11.20"]
[SourceVersion "1"]
[SourceVersionDate "2013.11.20"]
[SourceQuality "1"]

1. b3 e5 2. Bb2 d6 3. g3 Nf6 4. Bg2 Be7 5. c4 0-0 6. Nc3 Nc6 7. e3 Bf5 8. d3 Nb4 9. e4 Bg4 10. Nge2 c6 11. h3 Bd7 12. d4 Qc7 13. 0-0 Rad8 14. a3 Na6 15. Rc1 exd4 16. Nxd4 Nc5 17. b4 Ne6 18. Nf5 Bc8 19. Nd5 cxd5 20. cxd5 Qd7 21. dxe6 fxe6 22. Nxe7+ Qxe7 23. Qd4 b6 24. e5 dxe5 25. Qxe5 Nd5 26. Rxc8 Rxc8 27. Bxd5 Kh8 28. Qxe6 Qxe6 29. Bxe6 Rc2 30. Bd4 Re8 31. Bb3 Rd2 32. Be3 Rb2 33. Bf7 Rd8 34. Rc1 g6 35. Bg5 1-0

[Event "Voronezh op-A 17th"]
[Site "Voronezh"]
[Date "2013.06.14"]
[Round "3"]
[White "Petrov, Nikita"]
[Black "Nunez Lucero, Francisco Alex"]
[Result "1-0"]
[WhiteElo "2333"]
[BlackElo "2194"]
[PlyCount "58"]
[EventDate "2013.06.12"]
[EventType "swiss"]
[EventRounds "9"]
[EventCountry "RUS"]
[SourceTitle "EXT 2014"]
[Source "ChessBase"]
[SourceDate "2013.11.20"]
[SourceVersion "1"]
[SourceVersionDate "2013.11.20"]
[SourceQuality "1"]

1. e4 e6 2. d4 d5 3. Nd2 Nf6 4. e5 Nfd7 5. Bd3 c5 6. c3 Nc6 7. Ngf3 cxd4 8. cxd4 g5 9. Nb3 Be7 10. Be3 a5 11. a3 h5 12. Rc1 a4 13. Nc5 Nxc5 14. dxc5 g4 15. Nd4 Nxe5 16. Bb5+ Bd7 17. 0-0 Bxb5 18. Nxb5 Nc4 19. Bf4 Kf8 20. Nd6 Nxd6 21. cxd6 Bxd6 22. Qd4 Rg8 23. Bxd6+ Qxd6 24. Qf6 Qd8 25. Qh6+ Ke8 26. Qxh5 Qg5 27. Qh7 Qg6 28. Qh4 Kd7 29. Rc3 Rac8 1-0

[Event "Voronezh op-A 17th"]
[Site "Voronezh"]
[Date "2013.06.13"]
[Round "2"]
[White "Nunez Lucero, Francisco Alex"]
[Black "Chekhov, Sergey"]
[Result "0-1"]
[WhiteElo "2194"]
[BlackElo "2456"]
[PlyCount "70"]
[EventDate "2013.06.12"]
[EventType "swiss"]
[EventRounds "9"]
[EventCountry "RUS"]
[SourceTitle "EXT 2014"]
[Source "ChessBase"]
[SourceDate "2013.11.20"]
[SourceVersion "1"]
[SourceVersionDate "2013.11.20"]
[SourceQuality "1"]

1. e4 c5 2. c3 e6 3. d4 d5 4. exd5 exd5 5. Be3 cxd4 6. Bxd4 Nc6 7. Nf3 Nxd4 8. Nxd4 Bd6 9. Bb5+ Kf8 10. 0-0 g6 11. Nd2 Kg7 12. f4 Nf6 13. Qe1 a6 14. Bd3 Re8 15. Qh4 Ng4 16. Qxd8 Rxd8 17. Rae1 b5 18. a3 Bb7 19. h3 Nf6 20. g3 Re8 21. Kf2 Ne4+ 22. Bxe4 dxe4 23. Ke3 h5 24. h4 Rad8 25. Rc1 Bc5 26. Rfe1 Bd5 27. Rcd1 f5 28. Kf2 Rd6 29. Nf1 Red8 30. b4 Bb6 31. Rd2 Bc4 32. Red1 Bd3 33. Ne3 Kf6 34. Ndc2 Rc8 35. Rxd3 exd3 0-1

[Event "Barcelona Sant Marti op 2nd"]
[Site "Barcelona"]
[Date "2013.02.28"]
[Round "7"]
[White "Anguera Maestro, Jaime"]
[Black "Nunez Lucero, Francisco Alex"]
[Result "1/2-1/2"]
[WhiteElo "2132"]
[BlackElo "2194"]
[PlyCount "55"]
[EventDate "2013.01.17"]
[EventType "swiss"]
[EventRounds "9"]
[EventCountry "ESP"]
[SourceTitle "EXT 2014"]
[Source "ChessBase"]
[SourceDate "2013.11.20"]
[SourceVersion "1"]
[SourceVersionDate "2013.11.20"]
[SourceQuality "1"]

1. d4 d5 2. Nf3 Nf6 3. Bf4 c5 4. e3 Nc6 5. c3 Qb6 6. b3 Bg4 7. Be2 e6 8. 0-0 Nh5 9. Be5 cxd4 10. cxd4 Nxe5 11. dxe5 g6 12. Qd4 Qxd4 13. Bb5+ Kd8 14. Nxd4 Ng7 15. Nc3 a6 16. Bd3 Rc8 17. Rac1 Ba3 18. Rc2 Nf5 19. Nb1 Nxd4 20. Rxc8+ Kxc8 21. Nxa3 Nc6 22. f4 Bf5 23. Bxf5 gxf5 24. Nc2 Kd7 25. Rf2 Rc8 26. Rd2 Ke7 27. Kf2 b5 28. Kf3 1/2-1/2

[Event "Barcelona Sant Marti op 2nd"]
[Site "Barcelona"]
[Date "2013.02.14"]
[Round "5"]
[White "Nunez Lucero, Francisco Alex"]
[Black "Vidarte Morales, Arturo"]
[Result "0-1"]
[WhiteElo "2194"]
[BlackElo "2345"]
[PlyCount "50"]
[EventDate "2013.01.17"]
[EventType "swiss"]
[EventRounds "9"]
[EventCountry "ESP"]
[SourceTitle "EXT 2014"]
[Source "ChessBase"]
[SourceDate "2013.11.20"]
[SourceVersion "1"]
[SourceVersionDate "2013.11.20"]
[SourceQuality "1"]

1. e4 d6 2. d4 g6 3. Be3 Bg7 4. Nc3 c6 5. Qd2 Nd7 6. f3 b5 7. Nh3 Ngf6 8. Nf2 b4 9. Ncd1 a5 10. c3 bxc3 11. bxc3 0-0 12. a4 e5 13. Bd3 d5 14. 0-0 Qc7 15. f4 exd4 16. cxd4 dxe4 17. Nxe4 Nd5 18. Rb1 Nxe3 19. Qxe3 Nb6 20. f5 Bxf5 21. Rxf5 gxf5 22. Ng3 Nd5 23. Qc1 Qf4 24. Nxf5 Bxd4+ 25. Kh1 Rae8 0-1

[Event "Barcelona Sant Marti op 2nd"]
[Site "Barcelona"]
[Date "2013.02.07"]
[Round "4"]
[White "Garcia Marin, Guillem"]
[Black "Nunez Lucero, Francisco Alex"]
[Result "0-1"]
[WhiteElo "2105"]
[BlackElo "2194"]
[PlyCount "58"]
[EventDate "2013.01.17"]
[EventType "swiss"]
[EventRounds "9"]
[EventCountry "ESP"]
[SourceTitle "EXT 2014"]
[Source "ChessBase"]
[SourceDate "2013.11.20"]
[SourceVersion "1"]
[SourceVersionDate "2013.11.20"]
[SourceQuality "1"]

1. d4 d5 2. Bg5 f6 3. Bf4 Nc6 4. Nf3 g5 5. Bg3 h5 6. h3 Nh6 7. e3 Nf5 8. Bh2 e5 9. dxe5 g4 10. Nd4 Ncxd4 11. exd4 g3 12. Bg1 fxe5 13. f3 exd4 14. Bxd4 Qe7+ 15. Be2 Nxd4 16. Qxd4 Bg7 17. Qd3 Qc5 18. c3 0-0 19. Rf1 Bf5 20. Qd2 Rad8 21. Bd3 d4 22. c4 Rfe8+ 23. Kd1 Bxd3 24. Qxd3 Re3 25. Qg6 Qxc4 26. Nd2 Qe2+ 27. Kc2 Rd6 28. Qxh5 Rc6+ 29. Kb1 Qd3# 0-1

[Event "Chigorin Memorial 20th"]
[Site "St Petersburg"]
[Date "2012.11.02"]
[Round "7"]
[White "Nunez Lucero, Francisco Alex"]
[Black "Lauda, Alexandr"]
[Result "1-0"]
[WhiteElo "2186"]
[BlackElo "1991"]
[PlyCount "139"]
[EventDate "2012.10.27"]
[EventType "swiss"]
[EventRounds "9"]
[EventCountry "RUS"]
[SourceTitle "EXT 2013"]
[Source "ChessBase"]
[SourceDate "2012.11.22"]
[SourceVersion "1"]
[SourceVersionDate "2012.11.22"]
[SourceQuality "1"]

1. e4 c5 2. c3 Nf6 3. e5 Nd5 4. d4 cxd4 5. Nf3 Nc6 6. Bc4 Nb6 7. Bb3 d5 8. exd6 Qxd6 9. 0-0 d3 10. Na3 e5 11. Ng5 Nd8 12. Qf3 f6 13. Ne4 Qc6 14. Qxd3 Bxa3 15. bxa3 Nf7 16. a4 Be6 17. Ba3 Rd8 18. Qe3 Nc4 19. Bxc4 Bxc4 20. Rfe1 Qxa4 21. Qc5 Kd7 22. Rab1 b6 23. Qe7+ Kc8 24. Nc5 Qc6 25. Qxa7 b5 26. Na6 Rd3 27. Nb4 Qb7 28. Qc5+ Qc7 29. Nxd3 Bxd3 30. Rb2 Qxc5 31. Bxc5 Kc7 32. Rd1 e4 33. f3 f5 34. Bd4 Rg8 35. Kf2 g5 36. Rxd3 exd3 37. Rxb5 Re8 38. Rb2 f4 39. g3 Nd6 40. Rd2 Nc4 41. Rxd3 Ra8 42. Kg2 Rxa2+ 43. Kh3 h5 44. Bf6 g4+ 45. fxg4 fxg3 46. hxg3 Rf2 47. Bd4 hxg4+ 48. Kxg4 Rf8 49. Kh5 Rf5+ 50. Kg6 Rf1 51. g4 Kd6 52. g5 Ke6 53. Bf6 Ra1 54. Rd4 Nd6 55. Rd2 Rc1 56. Re2+ Kd7 57. Re7+ Kc6 58. Be5 Nc4 59. Kg7 Kd5 60. Bd4 Nd6 61. Re5+ Kc6 62. g6 Rf1 63. Rg5 Kd7 64. Rg1 Rf3 65. Kh7 Rh3+ 66. Kg8 Nf5 67. Rf1 Ne7+ 68. Kf7 Rg3 69. g7 Rg4 70. Bf6 1-0

[Event "Barcelona Sant Marti 4th"]
[Site "Barcelona"]
[Date "2012.10.20"]
[Round "4"]
[White "Martinez Ramirez, Erik"]
[Black "Nunez Lucero, Francisco Alex"]
[Result "1-0"]
[WhiteElo "2298"]
[BlackElo "2186"]
[PlyCount "87"]
[EventDate "2012.09.29"]
[EventType "tourn"]
[EventRounds "9"]
[EventCountry "ESP"]
[EventCategory "3"]
[SourceTitle "EXT 2013"]
[Source "ChessBase"]
[SourceDate "2012.11.22"]
[SourceVersion "1"]
[SourceVersionDate "2012.11.22"]
[SourceQuality "1"]

1. e4 e6 2. d3 d5 3. Qe2 Be7 4. Nf3 Nf6 5. e5 Nfd7 6. g3 c5 7. Bg2 Nc6 8. 0-0 0-0 9. c4 dxc4 10. dxc4 Nd4 11. Nxd4 cxd4 12. Rd1 Qb6 13. Na3 f6 14. exf6 Bxf6 15. Rb1 Nc5 16. Nb5 e5 17. b4 Ne6 18. c5 Qa6 19. Nxd4 Qxe2 20. Nxe2 a5 21. a3 axb4 22. axb4 Nd4 23. Nxd4 exd4 24. Bb2 Ra4 25. Bxd4 Bf5 26. Bd5+ Kh8 27. Rb2 Rd8 28. Bxf6 gxf6 29. Kf1 Bg4 30. f3 Be6 31. Bb3 Bc4+ 32. Kf2 Rxd1 33. Bxd1 Ra1 34. Be2 Rh1 35. Kg2 Rc1 36. Bxc4 Rxc4 37. Kf2 Kg7 38. Ke3 Kf7 39. Kd3 Rc1 40. Rc2 Rf1 41. f4 Ke6 42. Kc4 Kd7 43. Rd2+ Kc7 44. Rd6 1-0

[Event "Barcelona Sant Marti 4th"]
[Site "Barcelona"]
[Date "2012.09.29"]
[Round "1"]
[White "Nunez Lucero, Francisco Alex"]
[Black "Cruz, Jonathan"]
[Result "0-1"]
[WhiteElo "2186"]
[BlackElo "2450"]
[PlyCount "76"]
[EventDate "2012.09.29"]
[EventType "tourn"]
[EventRounds "9"]
[EventCountry "ESP"]
[EventCategory "3"]
[SourceTitle "EXT 2013"]
[Source "ChessBase"]
[SourceDate "2012.11.22"]
[SourceVersion "1"]
[SourceVersionDate "2012.11.22"]
[SourceQuality "1"]

1. e4 e5 2. Nc3 Nf6 3. f4 d5 4. fxe5 Nxe4 5. d3 Nxc3 6. bxc3 d4 7. Nf3 c5 8. Be2 dxc3 9. 0-0 Be7 10. Qe1 0-0 11. Qxc3 Nc6 12. Bb2 Qb6 13. Kh1 Be6 14. a3 f6 15. d4 cxd4 16. Nxd4 Nxd4 17. Qxd4 Bc5 18. Qc3 f5 19. Rad1 Rac8 20. Ba1 Be7 21. Qf3 Rxc2 22. Rb1 Qc5 23. Rb4 Qc6 24. Qxc6 bxc6 25. Rb7 Bxa3 26. Bf3 a5 27. Rc7 Rc8 28. Rxc8+ Bxc8 29. Bd1 Rc1 30. Bb3+ Kf8 31. Rxc1 Bxc1 32. Bc3 Ke7 33. Bxa5 Be6 34. Bb4+ Kd7 35. Ba4 Be3 36. Bd6 Bd5 37. h4 Bd4 38. Kh2 Ke6 0-1

[Event "Barcelona Tancat 3rd"]
[Site "Barcelona"]
[Date "2011.10.29"]
[Round "5"]
[White "Sanchez Ibern, Marc"]
[Black "Nunez Lucero, Francisco Alex"]
[Result "1-0"]
[WhiteElo "2337"]
[BlackElo "2161"]
[PlyCount "133"]
[EventDate "2011.10.01"]
[EventType "tourn"]
[EventRounds "9"]
[EventCountry "ESP"]
[EventCategory "2"]
[SourceTitle "EXT 2012"]
[Source "ChessBase"]
[SourceDate "2011.11.24"]
[SourceVersion "1"]
[SourceVersionDate "2011.11.24"]
[SourceQuality "1"]

1. e4 e6 2. d4 d5 3. Nd2 c5 4. exd5 Qxd5 5. Ngf3 cxd4 6. Bc4 Qd6 7. 0-0 Nc6 8. Nb3 Nf6 9. Nbxd4 Nxd4 10. Nxd4 Bd7 11. b3 0-0-0 12. Bb2 Qf4 13. Qe2 Bc5 14. Rad1 h5 15. Nf3 Bc6 16. Rxd8+ Rxd8 17. Qe5 Qxe5 18. Nxe5 Be8 19. Bd3 Nd5 20. Be4 f5 21. Nd3 Bf8 22. Bf3 g5 23. Re1 Nc7 24. Bf6 Rxd3 25. cxd3 g4 26. Be2 Nd5 27. Be5 Bb5 28. d4 Bxe2 29. Rxe2 Kd7 30. Rc2 b5 31. Bb8 a5 32. Ba7 b4 33. Bc5 Bg7 34. a3 bxa3 35. Ra2 Kc6 36. Rxa3 Kb5 37. Ra4 e5 38. Rc4 exd4 39. Bxd4 Bf8 40. Rc8 Bd6 41. Rb8+ Kc6 42. Rh8 Nf4 43. Be3 Kb5 44. Bxf4 Bxf4 45. Rxh5 Kb4 46. Rxf5 Bd2 47. Rd5 Bc3 48. Rg5 Kxb3 49. Rxg4 a4 50. Rg8 a3 51. Ra8 a2 52. f4 a1Q+ 53. Rxa1 Bxa1 54. Kf2 Kc4 55. Kf3 Kd5 56. Kg4 Kd6 57. Kg5 Ke7 58. h4 Bf6+ 59. Kh5 Bd4 60. g4 Kf6 61. Kh6 Be3 62. g5+ Kf5 63. g6 Bxf4+ 64. Kh7 Be5 65. h5 Kg5 66. h6 Bh8 67. g7 1-0

[Event "Barcelona Tancat 3rd"]
[Site "Barcelona"]
[Date "2011.10.22"]
[Round "4"]
[White "Nunez Lucero, Francisco Alex"]
[Black "Gonzalez Rodriguez, Jorge Armando"]
[Result "1/2-1/2"]
[WhiteElo "2161"]
[BlackElo "2436"]
[PlyCount "119"]
[EventDate "2011.10.01"]
[EventType "tourn"]
[EventRounds "9"]
[EventCountry "ESP"]
[EventCategory "2"]
[SourceTitle "EXT 2012"]
[Source "ChessBase"]
[SourceDate "2011.11.24"]
[SourceVersion "1"]
[SourceVersionDate "2011.11.24"]
[SourceQuality "1"]

1. e4 e6 2. d4 d5 3. e5 c5 4. c3 Nc6 5. Nf3 Qb6 6. a3 c4 7. Nbd2 Na5 8. g3 Bd7 9. Bg2 Ne7 10. 0-0 h6 11. Re1 0-0-0 12. Rb1 Kb8 13. Nf1 Nc8 14. N3d2 Qc7 15. Ne3 Nb6 16. f4 Ba4 17. Qe2 g6 18. Rf1 h5 19. Nf3 Be7 20. Ng5 Bxg5 21. fxg5 Nc6 22. Bd2 Rd7 23. Rf4 Nd8 24. Rbf1 Re7 25. Rh4 Ree8 26. Rf2 Qd7 27. Bc1 Bb3 28. g4 hxg4 29. Qxg4 Rxh4 30. Qxh4 Ba2 31. Bf3 Bb1 32. Bd1 Qe7 33. Ng4 a6 34. Nh6 Nc8 35. Bc2 Bxc2 36. Rxc2 Rh8 37. Qf4 Qd7 38. Qf6 Rh7 39. Rf2 Ne7 40. Bf4 Kc8 41. Bg3 b6 42. Qf4 Qc7 43. Qc1 Qc6 44. Qf1 Nf5 45. Nxf5 exf5 46. Rxf5 Qd7 47. Rf6 Ne6 48. h4 Kd8 49. Qf3 Ke8 50. Qg4 b5 51. Rf2 a5 52. Rh2 Ng7 53. e6 Nxe6 54. Re2 Kd8 55. Qf3 Kc8 56. Re5 Nc7 57. Qf6 Ne6 58. Qf3 Nc7 59. Qf6 Ne6 60. Qf3 1/2-1/2

[Event "Barcelona Tancat 3rd"]
[Site "Barcelona"]
[Date "2011.10.15"]
[Round "3"]
[White "Martinez Ramirez, Erik"]
[Black "Nunez Lucero, Francisco Alex"]
[Result "1/2-1/2"]
[WhiteElo "2301"]
[BlackElo "2161"]
[PlyCount "68"]
[EventDate "2011.10.01"]
[EventType "tourn"]
[EventRounds "9"]
[EventCountry "ESP"]
[EventCategory "2"]
[SourceTitle "EXT 2012"]
[Source "ChessBase"]
[SourceDate "2011.11.24"]
[SourceVersion "1"]
[SourceVersionDate "2011.11.24"]
[SourceQuality "1"]

1. e4 e6 2. Qe2 e5 3. Nf3 Nc6 4. c3 d5 5. exd5 Qxd5 6. d4 Bg4 7. dxe5 0-0-0 8. Bf4 g5 9. Bg3 f5 10. h3 Bxf3 11. Qxf3 Qxf3 12. gxf3 f4 13. Bh2 Nxe5 14. Nd2 Nf6 15. h4 h6 16. Be2 Bc5 17. Bg1 Rhe8 18. 0-0-0 Nd3+ 19. Bxd3 Rxd3 20. hxg5 hxg5 21. Ne4 Rxd1+ 22. Kxd1 Nxe4 23. fxe4 g4 24. f3 Bxg1 25. Rxg1 g3 26. Rh1 Rg8 27. Ke2 Rg6 28. Rh8+ Kd7 29. Rh7+ Ke6 30. Kf1 c6 31. Kg2 Kf6 32. Rh4 Ke5 33. Rh5+ Ke6 34. b3 Rf6 1/2-1/2

[Event "Barcelona Ateneu Colon op 6th"]
[Site "Barcelona"]
[Date "2011.06.14"]
[Round "8"]
[White "Nunez Lucero, Francisco Alex"]
[Black "Lorenzo de la Riva, Lazaro"]
[Result "0-1"]
[WhiteElo "2156"]
[BlackElo "2378"]
[PlyCount "38"]
[EventDate "2011.04.26"]
[EventType "swiss"]
[EventRounds "9"]
[EventCountry "ESP"]
[SourceTitle "EXT 2012"]
[Source "ChessBase"]
[SourceDate "2011.11.24"]
[SourceVersion "1"]
[SourceVersionDate "2011.11.24"]
[SourceQuality "1"]

1. e4 e5 2. f4 exf4 3. Nf3 d6 4. d4 g5 5. h4 g4 6. Ng1 f5 7. Bxf4 fxe4 8. Nc3 d5 9. Be5 Nf6 10. Qd2 c6 11. Qg5 Nbd7 12. Bc4 Rg8 13. Qf4 dxc4 14. 0-0-0 Nd5 15. Qg3 Nxc3 16. bxc3 Nxe5 17. Qxe5+ Qe7 18. Qh5+ Rg6 19. Ne2 g3 0-1

[Event "Barcelona Ateneu Colon op 6th"]
[Site "Barcelona"]
[Date "2011.06.07"]
[Round "7"]
[White "Alarcon Robles, Pedro"]
[Black "Nunez Lucero, Francisco Alex"]
[Result "0-1"]
[WhiteElo "1918"]
[BlackElo "2156"]
[PlyCount "116"]
[EventDate "2011.04.26"]
[EventType "swiss"]
[EventRounds "9"]
[EventCountry "ESP"]
[SourceTitle "EXT 2012"]
[Source "ChessBase"]
[SourceDate "2011.11.24"]
[SourceVersion "1"]
[SourceVersionDate "2011.11.24"]
[SourceQuality "1"]

1. d4 e6 2. Nf3 Nf6 3. Bf4 c5 4. e3 Qb6 5. Nc3 Nc6 6. Nb5 Nd5 7. Bg3 a6 8. c4 cxd4 9. cxd5 Bb4+ 10. Nd2 dxe3 11. fxe3 Qxe3+ 12. Be2 axb5 13. dxc6 dxc6 14. a3 Ba5 15. b4 Bb6 16. Qb3 Qd4 17. Rd1 0-0 18. Nf3 Qe3 19. Qxe3 Bxe3 20. Rd3 Bb6 21. Bf2 Bc7 22. 0-0 e5 23. Nd2 f5 24. Rc3 Rd8 25. Nb1 Rd5 26. Rd1 Be6 27. Rxd5 Bxd5 28. Bxb5 cxb5 29. Rxc7 Be4 30. Rc1 Bd3 31. g3 g5 32. Bc5 Kf7 33. Rd1 e4 34. Kf2 Ke6 35. Ke3 Bxb1 36. Rxb1 Rxa3+ 37. Kf2 Ra2+ 38. Kg1 f4 39. h4 h6 40. Rd1 Kf5 41. hxg5 hxg5 42. gxf4 gxf4 43. Rf1 Kg4 44. Bd6 f3 45. Bc5 Rg2+ 46. Kh1 Kf4 47. Re1 Rc2 48. Be3+ Kg3 49. Rg1+ Kh3 50. Rf1 Re2 51. Bc5 Kg3 52. Bd6+ Kg4 53. Rg1+ Kf5 54. Rf1 Rd2 55. Bc5 Kf4 56. Re1 Rd3 57. Kh2 e3 58. Bd6+ Rxd6 0-1